Eastern Utah Libraries Catalog: Duchesne, Heber, Roosevelt, & Vernal

Our immune system / (Record no. 267900)

MARC details
000 -LEADER
fixed length control field 01495cam a22004334a 4500
001 - CONTROL NUMBER
control field ocm86117777
003 - CONTROL NUMBER IDENTIFIER
control field OCoLC
005 - DATE AND TIME OF LATEST TRANSACTION
control field 20200320182644.0
008 - FIXED-LENGTH DATA ELEMENTS--GENERAL INFORMATION
fixed length control field 070321s2008 flua j b 001 0 eng
010 ## - LIBRARY OF CONGRESS CONTROL NUMBER
LC control number 2007011807
020 ## - INTERNATIONAL STANDARD BOOK NUMBER
International Standard Book Number 9781600445118 (hardcover)
020 ## - INTERNATIONAL STANDARD BOOK NUMBER
International Standard Book Number 160044511X (hardcover)
020 ## - INTERNATIONAL STANDARD BOOK NUMBER
International Standard Book Number 9781600446726 (softcover)
020 ## - INTERNATIONAL STANDARD BOOK NUMBER
International Standard Book Number 1600446728 (softcover)
020 ## - INTERNATIONAL STANDARD BOOK NUMBER
Terms of availability 15.95
029 1# - (OCLC)
OCLC library identifier AU@
System control number 000041422609
035 ## - SYSTEM CONTROL NUMBER
System control number (OCoLC)86117777
040 ## - CATALOGING SOURCE
Original cataloging agency DLC
Transcribing agency DLC
Modifying agency BAKER
-- BTCTA
-- WACOL
049 ## - LOCAL HOLDINGS (OCLC)
Holding library WACL
050 00 - LIBRARY OF CONGRESS CALL NUMBER
Classification number QR181.8
Item number .T34 2008
082 00 - DEWEY DECIMAL CLASSIFICATION NUMBER
Classification number 616.07/9
Edition number 22
092 ## - LOCALLY ASSIGNED DEWEY CALL NUMBER (OCLC)
Classification number E
Item number Tha
100 1# - MAIN ENTRY--PERSONAL NAME
Personal name Thames, Susan.
9 (RLIN) 35564
245 10 - TITLE STATEMENT
Title Our immune system /
Statement of responsibility, etc Susan Thames.
260 ## - PUBLICATION, DISTRIBUTION, ETC. (IMPRINT)
Place of publication, distribution, etc Vero Beach, Fla. :
Name of publisher, distributor, etc Rourke Pub.,
Date of publication, distribution, etc c2008.
300 ## - PHYSICAL DESCRIPTION
Extent 24 p. :
Other physical details col. ill. ;
Dimensions 21 cm.
490 0# - SERIES STATEMENT
Series statement Our bodies
490 0# - SERIES STATEMENT
Series statement Rourke discovery library
504 ## - BIBLIOGRAPHY, ETC. NOTE
Bibliography, etc Includes bibliographical references (p. 24) and index.
505 0# - FORMATTED CONTENTS NOTE
Formatted contents note Germs -- Your immune system -- Healthy body.
650 #0 - SUBJECT ADDED ENTRY--TOPICAL TERM
Topical term or geographic name as entry element Immune system
Form subdivision Juvenile literature.
9 (RLIN) 5703626
938 ## -
-- Baker & Taylor
-- BKTY
-- 22.79
-- 22.79
-- 160044511X
-- 0007269509
-- active
938 ## -
-- Baker & Taylor
-- BKTY
-- 6.95
-- 6.95
-- 1600446728
-- 0007269644
-- active
938 ## -
-- Baker and Taylor
-- BTCP
-- BK0007269644
942 ## - ADDED ENTRY ELEMENTS (KOHA)
Koha item type BOOK
948 ## - LOCAL PROCESSING INFORMATION (OCLC); SERIES PART DESIGNATOR (RLIN)
Series part designator, SPT (RLIN) 07/22/2008
z (OCLC) Sirsi
994 ## -
-- 02
-- WACOL
996 ## -
-- 64714
-- 34301000766735
-- E
-- bk
-- wcl
-- i
-- 18
-- 15.95
-- World Media Express
-- Tha
-- 07/23/2008
-- 03/03/2020
-- 02/27/2020
Holdings
Withdrawn status Lost status Source of classification or shelving scheme Damaged status Not for loan Collection code Home library Current library Shelving location Date acquired Cost, normal purchase price Total Checkouts Total Renewals Full call number Barcode Date last seen Date checked out Cost, replacement price Price effective from Koha item type
    Dewey Decimal Classification     Children NonFiction Wasatch County Library Wasatch County Library Main Floor Childrens Area 07/23/2008 15.95 27 5 E Mind/Body Body Thames 34301000766735 05/14/2025 04/28/2025 15.95 03/20/2020 BOOK
This project was made possible through a grant from the Institute of Museum and Library Service administered by the Utah State Library Division.

Wasatch County Library

  • 465 East 1200 South, Heber City, Utah 84032
  • Phone 435-654-1511 | Fax 435-654-6456

Hours

  • Monday - Friday 9:30 AM - 8:00 PM
  • Saturday 9:30 AM - 1:30 PM
  • Closed Sundays and Holidays